Thế giới trong một ngày

Spremljeno u:
Bibliografski detalji
Glavni autor: Oliver Rolin
Format: Knjiga
Jezik:Undetermined
Izdano: Hà Nội Hội Nhà văn 2005
Teme:
Oznake: Dodaj oznaku
Bez oznaka, Budi prvi tko označuje ovaj zapis!
Thư viện lưu trữ: Trung tâm Học liệu Trường Đại học Cần Thơ
LEADER 00550nam a2200217Ia 4500
001 CTU_101519
008 210402s9999 xx 000 0 und d
020 |c 72000 
082 |a 840.3008 
082 |b R748 
100 |a Oliver Rolin 
245 0 |a Thế giới trong một ngày 
245 0 |c Oliver Rolin 
260 |a Hà Nội 
260 |b Hội Nhà văn 
260 |c 2005 
650 |a literature 
650 |x fiction 
650 |y French 
904 |i Hiếu 
980 |a Trung tâm Học liệu Trường Đại học Cần Thơ